Представление документа в формате RUSMARC

ПолеНазваниеЗначение
  Тип записи c
  Библиографический уровень m
001 Контрольный номер RU/УОНБ/EK_N/383233699
005 Дата корректировки 20250520131310.8
010 Индекс ISBN __
9 Тираж 5530 экз.
013 Номер (ISMN) __
d Цена 41 к.
071 Издательские номер (звукозапись и ноты) 21
a Номер, присвоенный агентством 124
100 Данные общей обработки __
a Данные общей обработки 20120222d1971 u y0rusy0189||||ca
101 Язык документа 0_
a Язык текста rus
102 Страна публикации __
a Страна публикации RU
105 Кодированные данные (монография) __
a Кодированные данные (монография) y###||||000|y
125 Кодированные данные звукозаписи и нотных изданий __
a Форма изложения нотного текста z|
128 Кодированные данные (звукозаписи-физические характеристики) __
a Кодированные данные: Музыкальная форма и тональность или лад acc
b Инструменты или голоса, необходимые для ансамблей (устаревшее) оu||
200 Заглавие и сведения об ответственности 1_
a Заглавие Эстрадный концерт для детей
b Общее обозначение материала [Ноты]
e Сведения, относящиеся к заглавию [для инструм. квартета с пением]
f Первые сведения об ответственности Ю. Винтер
g Последующие сведения об ответственности стихи К. Кангур в пер. с эстон. В. Владимирского и Т. Сикорской
208 Область специфических сведений: ноты __
a Форма изложения нотного текста Партитура
210 Выходные данные 1_
a Место издания Ленинград
a Место издания Москва
c Издательство Советский композитор
d Дата издания 1971
215 Физическое описание __
a Объем 39 c.
d Формат 23 см
300 Общие примечания __
a Общие примечания [С предисл.]
327 Примечание о содержании 11
a Примечание о содержании Содерж. : Идут музыканты ; На бензостанции ; Песня о дожде ; Маленький вальс ; Песенка о туфельках ; Вечером ; Сороконожка ; Песня про стихи ; Музыканты уходят.
464 Аналитический уровень _0
1 2001
a Идут музыканты
464 Аналитический уровень _0
1 2001
a На бензостанции
464 Аналитический уровень _0
1 2001
a Песня о дожде
464 Аналитический уровень _0
1 2001
a Маленький вальс
464 Аналитический уровень _0
1 2001
a Песенка о туфельках
464 Аналитический уровень _0
1 2001
a Вечером
464 Аналитический уровень _0
1 2001
a Сороконожка
464 Аналитический уровень _0
1 2001
a Песня про стихи
464 Аналитический уровень _0
1 2001
a Музыканты уходят
512 Заглавие обложки 1_
a Заглавие обложки Эстрадный концерт
606 Тематические рубрики 0_
a Основная рубрика Квартеты инструментальные
x Основная подрубрика Песни детские
610 Ключевые слова 0_
a Ключевые слова песни детские
610 Ключевые слова 0_
a Ключевые слова квартеты инструментальные
686 Индексы других классификаций __
a Классификационный индекс 85.943.2
2 Код системы rubbk
700 Автор _1
a Фамилия Винтер
b Имя (инициалы) Ю.
g Полное личное имя Юло Александрович
702 Вторичная интеллектуальная ответственность _1
a Фамилия Кангур
b Имя (инициалы) К.
4 Код отношения 520
702 Вторичная интеллектуальная ответственность _1
a Фамилия Владимирский
b Имя (инициалы) В.
4 Код отношения 730
702 Вторичная интеллектуальная ответственность _1
a Фамилия Сикорская
b Имя (инициалы) Т.
4 Код отношения 730
801 Источник записи _0
a Страна RU
b Организация Ульяновская ОНБ
c Дата составления 20120222
g Правила каталогизации RCR
801 Источник записи _1
a Страна RU
b Организация Ульяновская ОНБ
c Дата составления 20120222
g Правила каталогизации RCR
901 Тип документа __
t Тип документа m
909 Создатель записи __
a Создатель записи Лобина Л. И.
938 Служебная информация __
a Имя БД noti
b Имя библиотеки УОНБ
c Имя АИБС МАРК-SQL
d Номер DOC_ID в БД 9630